| 000 | 00529nam a22001817a 4500 | ||
|---|---|---|---|
| 999 |
_c21435 _d21435 |
||
| 003 | BDDh-ASL | ||
| 005 | 20231015030008.0 | ||
| 008 | 210201s19951993nju||||| |||| 00| 0 eng d | ||
| 040 | _cBDDh-ASL | ||
| 082 |
_a327.519 _bHAK |
||
| 100 | 1 |
_93005 _aHakjoon, Kim |
|
| 245 | 1 | 0 | _aKorea's Relations with Her Neighbors in a Changing World / |
| 260 |
_aNew Jersey: _bHollym International Corp., _c1995. |
||
| 300 |
_a775 p.: _c23 cm. |
||
| 504 | _aInclude Index | ||
| 650 | 0 |
_91531 _aInternational Relations _zKorea |
|
| 942 |
_2ddc _cBK |
||